000 00657cam a2200241 4500
001 319642
005 20180117041237.0
008 740211s1973 nyua b 001 0 eng
010 _a 74155338
020 _a0393054896
_a039309331X (pbk.)
040 _aDLC
_cDLC
_dDLC
041 _aeng
043 _an-us---
080 _a301.310973 HIN
082 0 0 _a301.310973 HIN
100 1 _a52
101 _aEKO
245 1 0 _aEnvironmental issues: population, pollution, and economics
_c[by] Lawrence G. Hines.
350 _a$3.25 (pbk.)
504 _aIncludes bibliographies.
906 _a7
_bcbc
_corignew
_d2
_encip
_f19
_gy-gencatlg
942 _2ddc
_cBK
999 _c40421
_d40421